000 00464nam a22001457a 4500
005 20150812121930.0
008 150812b xxu||||| |||| 00| 0 eng d
040 _cPK-LaUMT
082 _aKHC 891.4393
_bQAM-S
100 _aقمر یورش
245 _aساری دنیا میری کتاب سارا زمانہ میرا استاد
_bمیرا بچپن
_cقمر یورش
260 _aلاہور
_bالفاظ پبلیکیشنز
_c2007
300 _a123 ص
942 _cBK
999 _c73844
_d73844